[Event "Bayern-chI Bank Hofmann 19th"]
[Site "Bad Wiessee"]
[Date "2015.10.31"]
[Round "1"]
[White "Hinke, Rene"]
[Black "Kunin, Vitaly L"]
[Result "0-1"]
[WhiteElo "1960"]
[BlackElo "2556"]
[PlyCount "47"]
[EventDate "2015.10.31"]
[EventType "swiss"]
[EventRounds "9"]
[EventCountry "GER"]
[SourceTitle "CBM 169 Extra"]
[Source "ChessBase"]
[SourceDate "2015.12.18"]
[SourceVersion "1"]
[SourceVersionDate "2015.12.18"]
[SourceQuality "1"]

1. e4 c5 2. Nf3 Nf6 3. e5 Nd5 4. d4 cxd4 5. Bc4 Nb6 6. Bb3 Nc6 7. 0-0 e6 8. Bf4 d5 9. c3 dxc3 10. Nxc3 Bd7 11. Qe2 Be7 12. Nb5 Na5 13. Rfc1 Nxb3 14. axb3 Bxb5 15. Qxb5+ Qd7 16. Qxb6 axb6 17. Rxa8+ Bd8 18. Bg5 0-0 19. Rc7 Be7 20. Rcc8 h6 21. Rxf8+ Bxf8 22. Nd4 Qc7 23. g3 Qc5 24. Nb5 0-1

[Event "Schleswig Holstein-ch cand 60th"]
[Site "Germany"]
[Date "2005.10.12"]
[Round "4"]
[White "Kluegel, Jan"]
[Black "Hinke, Rene"]
[Result "0-1"]
[WhiteElo "1774"]
[BlackElo "1796"]
[PlyCount "88"]
[EventDate "2005.10.10"]
[EventType "swiss"]
[EventRounds "9"]
[EventCountry "GER"]
[SourceTitle "EXT 2010"]
[Source "ChessBase"]
[SourceDate "2010.11.25"]
[SourceVersion "1"]
[SourceVersionDate "2010.11.25"]
[SourceQuality "1"]

1. d4 e6 2. Nf3 f5 3. e3 Nf6 4. b3 d5 5. Bd3 Bd6 6. Ba3 0-0 7. Bxd6 Qxd6 8. 0-0 Ne4 9. c4 c6 10. Ne5 Nd7 11. f4 Ndf6 12. c5 Qe7 13. Nd2 Bd7 14. Bxe4 fxe4 15. Rf2 Be8 16. g4 Nd7 17. Nxd7 Bxd7 18. Nf1 g5 19. h4 gxf4 20. exf4 Qxh4 21. Rh2 Qf6 22. Rf2 Kh8 23. g5 Rg8 24. Ng3 Qg7 25. Nh5 Qg6 26. Rg2 Raf8 27. Qe2 Be8 28. Nf6 Rxf6 29. gxf6 Qxg2+ 30. Qxg2 Rxg2+ 31. Kxg2 Bg6 32. Kg3 Kg8 33. Kg4 Kf7 34. Kg5 h6+ 35. Kxh6 Kxf6 36. Rg1 Bf7 37. Rg5 b6 38. b4 b5 39. Kh7 Be8 40. Kg8 Bg6 41. Kf8 Bf7 42. Rg7 Bg6 43. Rxa7 Kf5 44. Rg7 e3 0-1

[Event "Schleswig Holstein-ch cand 60th"]
[Site "Germany"]
[Date "2005.10.10"]
[Round "1"]
[White "Anders, Soenke"]
[Black "Hinke, Rene"]
[Result "1-0"]
[WhiteElo "1844"]
[BlackElo "1796"]
[PlyCount "37"]
[EventDate "2005.10.10"]
[EventType "swiss"]
[EventRounds "9"]
[EventCountry "GER"]
[SourceTitle "EXT 2010"]
[Source "ChessBase"]
[SourceDate "2010.11.25"]
[SourceVersion "1"]
[SourceVersionDate "2010.11.25"]
[SourceQuality "1"]

1. d4 e6 2. Nf3 d5 3. e3 Nf6 4. Bd3 g6 5. Nbd2 Bg7 6. 0-0 0-0 7. c3 b6 8. e4 Ba6 9. Bxa6 Nxa6 10. e5 Nd7 11. Qe2 Qc8 12. b4 c5 13. bxc5 bxc5 14. Ba3 Re8 15. Ne1 Nb6 16. f4 cxd4 17. cxd4 Qc3 18. Nb3 Nc4 19. Rf3 1-0

[Event "Schleswig Holstein-ch cand-A 56th"]
[Site "Eckernfoerde"]
[Date "2001.04.??"]
[Round "7"]
[White "Hinke, Rene"]
[Black "Freter, Anke"]
[Result "1/2-1/2"]
[WhiteElo "1763"]
[BlackElo "1844"]
[PlyCount "40"]
[EventDate "2001.04.??"]
[EventType "swiss"]
[EventRounds "9"]
[EventCountry "GER"]
[SourceTitle "EXT 2004"]
[Source "ChessBase"]
[SourceDate "2003.11.25"]
[SourceVersion "1"]
[SourceVersionDate "2003.11.25"]
[SourceQuality "1"]

1. e4 c5 2. Nf3 Nc6 3. d4 cxd4 4. Nxd4 Nf6 5. Nc3 e5 6. Nb3 Bb4 7. Bd3 d5 8. 0-0 Bxc3 9. bxc3 dxe4 10. Bb5 Qb6 11. Bxc6+ Qxc6 12. Ba3 Bg4 13. Qd2 b6 14. c4 Nd7 15. Qg5 Nf6 16. Qxe5+ Qe6 17. Qb5+ Qd7 18. Qe5+ Qe6 19. Qb5+ Qd7 20. Qe5+ Qe6 1/2-1/2

[Event "Schleswig Holstein-ch cand-A 56th"]
[Site "Eckernfoerde"]
[Date "2001.04.??"]
[Round "1"]
[White "Hinke, Rene"]
[Black "Koelln, Harm"]
[Result "1/2-1/2"]
[WhiteElo "1763"]
[BlackElo "1859"]
[PlyCount "65"]
[EventDate "2001.04.??"]
[EventType "swiss"]
[EventRounds "9"]
[EventCountry "GER"]
[SourceTitle "EXT 2004"]
[Source "ChessBase"]
[SourceDate "2003.11.25"]
[SourceVersion "1"]
[SourceVersionDate "2003.11.25"]
[SourceQuality "1"]

1. e4 e5 2. Nf3 Nc6 3. Bb5 a6 4. Ba4 Nf6 5. 0-0 Nxe4 6. Re1 Nc5 7. Nxe5 Nxe5 8. Rxe5+ Ne6 9. d4 b5 10. Bb3 d6 11. Bg5 Qd7 12. Re1 d5 13. a4 Bb7 14. axb5 axb5 15. Rxa8+ Bxa8 16. Nc3 c6 17. Qa1 Bb7 18. Qd1 Bd6 19. Qg4 0-0 20. Ne2 Qc7 21. Ng3 Nxg5 22. Qxg5 h6 23. Qe3 Bc8 24. c3 Qd8 25. Bc2 Qg5 26. Qxg5 hxg5 27. Nf5 Bxf5 28. Bxf5 Rd8 29. g3 Kf8 30. Ra1 g6 31. Bd3 Rc8 32. Ra7 Rc7 33. Rxc7 1/2-1/2

[Event "Schleswig Holstein-ch cand-A 56th"]
[Site "Eckernfoerde"]
[Date "2001.04.??"]
[Round "5"]
[White "Hinke, Rene"]
[Black "Zimmermann, Manfred"]
[Result "1-0"]
[WhiteElo "1763"]
[BlackElo "1847"]
[PlyCount "115"]
[EventDate "2001.04.??"]
[EventType "swiss"]
[EventRounds "9"]
[EventCountry "GER"]
[SourceTitle "EXT 2004"]
[Source "ChessBase"]
[SourceDate "2003.11.25"]
[SourceVersion "1"]
[SourceVersionDate "2003.11.25"]
[SourceQuality "1"]

1. e4 e6 2. Nc3 d5 3. exd5 exd5 4. d4 Nf6 5. Bg5 Be7 6. Qd2 Nbd7 7. 0-0-0 Nb6 8. f4 0-0 9. Bd3 Bg4 10. Nf3 Re8 11. h3 Bxf3 12. gxf3 c5 13. Bb5 Nc4 14. Qe2 Nd7 15. Rhe1 Bxg5 16. Qxe8+ Qxe8 17. Rxe8+ Rxe8 18. fxg5 Rd8 19. Bxc4 dxc4 20. dxc5 Kf8 21. Rd4 f6 22. gxf6 gxf6 23. f4 Ke7 24. Nd5+ Ke6 25. Ne3 Rc8 26. Rd6+ Ke7 27. Nd5+ Ke8 28. Re6+ Kd8 29. Nxf6 Nxf6 30. Rxf6 Rxc5 31. Rf7 Rh5 32. Rxb7 Rxh3 33. Rxa7 h5 34. Rh7 h4 35. a4 Rh2 36. a5 Kc8 37. a6 Kb8 38. f5 c3 39. bxc3 Rf2 40. Rxh4 Rxf5 41. Rh6 Ka7 42. Kb2 Rb5+ 43. Ka3 Rb1 44. c4 Rb8 45. Ka4 Rc8 46. Kb5 Rb8+ 47. Kc5 Rc8+ 48. Rc6 Rd8 49. Rd6 Rc8+ 50. Kd5 Re8 51. c5 Rc8 52. Kc4 Rb8 53. Rb6 Rxb6 54. cxb6+ Kxb6 55. Kd5 Kxa6 56. Kc6 Ka7 57. c4 Kb8 58. Kd7 1-0